书目信息 |
| 题名: |
中国当代歌词发展史
|
|
| 作者: | 晨枫 著 | |
| 分册: | ||
| 出版信息: | 上海 上海音乐出版社 2014 |
|
| 页数: | 545页 | |
| 开本: | 24cm | |
| 丛书名: | ||
| 单 册: | ||
| 中图分类: | J614.91 | |
| 科图分类: | ||
| 主题词: | 歌词--ge ci--研究--中国--1949-2013 | |
| 电子资源: | ||
| ISBN: | 978-7-5523-0590-6 | |
| 000 | 00896nam0 2200229 450 | |
| 001 | 340149 | |
| 005 | 20150625145747.87 | |
| 010 | @a978-7-5523-0590-6@dCNY78.00 | |
| 100 | @a20150310d2014 em y0chiy50 ea | |
| 101 | 0 | @achi |
| 102 | @aCN@b310000 | |
| 105 | @ay z 000yy | |
| 106 | @ar | |
| 200 | 1 | @a中国当代歌词发展史@Azhong guo dang dai ge ci fa zhan shi@f晨枫著 |
| 210 | @a上海@c上海音乐出版社@d2014 | |
| 215 | @a545页@d24cm | |
| 330 | @a本书对我国内地65年来的歌词发展脉络进行了细致的梳理, 对各个历史时期在全国各地出现的数百位主要作家和他们的代表性作品, 从个性气质、艺术风格以及社会影响等方面, 进行了恰切的评析, 对产生于不同语境并深刻持久影响内地的我国台湾、香港歌词的产生方式、艺术特质等, 进行了论述与比较。 | |
| 606 | 0 | @a歌词@Age ci@x研究@y中国@z1949-2013 |
| 690 | @aJ614.91@v5 | |
| 701 | 0 | @a晨枫@Achen feng@4著 |
| 801 | 0 | @aCN@b卓展宏图@c20150525 |
| 905 | @dJ614.91@e664@f4 | |
| 中国当代歌词发展史/晨枫著.-上海:上海音乐出版社,2014 |
| 545页;24cm |
| ISBN 978-7-5523-0590-6:CNY78.00 |
| 本书对我国内地65年来的歌词发展脉络进行了细致的梳理, 对各个历史时期在全国各地出现的数百位主要作家和他们的代表性作品, 从个性气质、艺术风格以及社会影响等方面, 进行了恰切的评析, 对产生于不同语境并深刻持久影响内地的我国台湾、香港歌词的产生方式、艺术特质等, 进行了论述与比较。 |
| ● |
| 相关链接 |
|
|
|
|
正题名:中国当代歌词发展史
索取号:J614.91/664
 
预约/预借
| 序号 | 登录号 | 条形码 | 馆藏地/架位号 | 状态 | 备注 |
| 1 | 864519 | 208645199 | 第一样本阅览室/ [索取号:J614.91/664] | 在馆 | |
| 2 | 864520 | 208645206 | 第一借阅区/ [索取号:J614.91/664] | 在馆 | |
| 3 | 864521 | 208645215 | 第一借阅区/ [索取号:J614.91/664] | 在馆 | |
| 4 | 864522 | 208645224 | 第一借阅区/ [索取号:J614.91/664] | 在馆 |